Arabic Alphabet Quiz - Isolated Form - Statistics

General Stats
  • This quiz has been taken 232 times
  • The average score is 14 of 28
Answer Stats
Hint Answer % Correct
ا Alif
73%
ب Baa
67%
ج Jeem
60%
م Miim
60%
س Sin
59%
ه Ha
57%
ش Shin
57%
ت Taa
57%
ث Thaa
57%
ع Ayn
54%
خ Khaa
53%
ل Laam
53%
و Waw
53%
ح Haa
51%
ر Raa
51%
ط Ta
51%
ف Faa
50%
غ Ghayn
50%
د Dal
46%
ك Kaaf
46%
ص Saad
46%
ي Yaa
46%
ذ Dhal
43%
ق Qaaf
41%
ض Daad
40%
ن Nuun
40%
ظ Dha
30%
ز Zayn
21%
No matching quizzes found
Score Distribution
Percent of People with Each Score
Percentile by Number Answered
Your Score History
You have not taken this quiz